000 01228namaa2200301 i 4500
003 EG-GICUC
005 20260304110242.0
008 260221s1988 iq h|||jr|||| 001 0 ara d
040 _aEG-GiCUC
_bara
_cEG-GiCUC
_dEG-GiCUC
_erda
082 0 4 _221
_a414
_bA871 1988
092 0 4 _221
_a414
_bA871 1988
099 _a414 A871 1988
100 1 _aابن الاثير، ضياء الدين نصرالله بن محمد
_eمؤلف.
245 1 2 _aالوشى المرقوم فى حل المنظوم /
_cضياء الدين بن الاثير ؛ تحقيق جميل سعيد.
250 _aالطبعة الثانية.
264 _a[بغداد :
_bالناشر غير محدد،
_c1988].
300 _a262 صفحة :
_bمثيليات ؛
_c24 سم
336 _2rdacontent
_atext
337 _2rdamedia
_aUnmediated
338 _2rdacarrier
_avolume
504 _aيشتمل على ارجاعات ببليوجرافية وكشافات.
541 _aد. جابر عصفور ؛
_bالقاهرة ؛
_cإهداء ؛
_d2024.
650 1 _aالبلاغة العربية
_vالاعمال الاولية حتى 1800
_2qrmak
651 1 _2qrmak
700 1 _aسعيد، جميل
_eمحقق.
905 _aAsmaa
942 _2ddc
_cBK
_e21
_n0
999 _c178623
_d178623